| 000 | 00958nas a2200313 4500 | ||
|---|---|---|---|
| 001 | BR7500422 | ||
| 003 | BR-BrBNA | ||
| 005 | 20231205082800.0 | ||
| 007 | ta | ||
| 008 | 230509b bl.|||p| |||| 00| 00por d | ||
| 040 |
_aBR-BrBNA _bpor _cBiblioteca Nacional de Agricultura |
||
| 041 | _a(Pt) | ||
| 072 | _aH20 | ||
| 100 | 1 | _aCia, E. | |
| 100 | 1 | _aFerraz, C.A.M. | |
| 100 | 1 | _aGridi-Papp, I.L. | |
| 100 | 1 | _aSilva, N.M. da | |
| 100 | 1 | _aSoave, J. | |
| 100 | 1 | _aParadela Filho, O. | |
| 100 | 1 | _aRibeiro, I.J.A. | |
| 100 | 1 | _aSabino, N.P. (Instituto Agronomico, Campinas, SP (Brazil)) | |
| 245 | 1 | _aAvaliacao da resistencia de variedades paulistas de algodoeiro a murcha de verticillium | |
| 650 | _aALGODAO | ||
| 650 | _aMURCHA DE VERTICILLIUM | ||
| 650 | _aFUNGO | ||
| 773 | 0 |
_tSumma Phytopathologica (Brazil) _xISSN 0100-5405 _g(May 1975), v. 1(2) p. 132-140 _wBR7500422 |
|
| 909 |
_a202311 _bLúcia _c55 _dLúcia Elande |
||
| 942 |
_2AGRIS _n0 _cANA |
||
| 999 |
_c94182 _d94182 |
||